| 000 | 01858nam a22002657a 4500 | ||
|---|---|---|---|
| 001 | 8225 | ||
| 003 | FISKH | ||
| 005 | 20250904111248.0 | ||
| 008 | 250903b cb ||||| |||| 00| 0 eng d | ||
| 020 | _a9789995001193 | ||
| 040 |
_aFISKH _beng _cFISKH _dFISKH |
||
| 082 | _a500 | ||
| 100 | _aKimsan, Oeng | ||
| 245 | _aវិទ្យាសាស្រ្តថ្នាក់ទី៤ / | ||
| 260 |
_aPhnom Penh : _bMinistry of Youth and Sport, _c2019. |
||
| 300 |
_a108 pages : _bcolor illustrations ; _c26 cm |
||
| 505 | _aQ | ||
| 520 | _aសៀវភៅនេះផ្តោតលើការអភិវឌ្ឍចំណេះដឹង និងជំនាញវិទ្យាសាស្រ្តរបស់សិស្សថ្នាក់ទី៤។ មាតិកាសំខាន់ៗរួមមាន៖ វិទ្យាសាស្រ្តជីវិត៖ រុក្ខជាតិ សត្វ ជីវមណ្ឌល និងការរស់រានមានជីវិត។ វិទ្យាសាស្រ្តផែនដី និងបរិស្ថាន៖ ដី ថ្ម ទឹក អាកាសធាតុ អាកាសធាតុ និងការពារបរិស្ថាន។ វិទ្យាសាស្រ្តរូបវន្ត៖ ថាមពល សំឡេង ពន្លឺ កំដៅ និងចលនា។ ការអនុវត្តន៍ និងពិសោធន៍៖ សិស្សត្រូវបានលើកទឹកចិត្តឲ្យសាកល្បង សង្កេតការណ៍ និងដោះស្រាយបញ្ហា | ||
| 521 | 8 |
_a660
_bLexile estimate |
|
| 521 | 8 |
_aQ
_bRaz-Plus |
|
| 650 | _aScience | ||
| 650 | _aវិទ្យាសាស្រ្ត | ||
| 942 |
_2ddc _cKHB _n0 |
||
| 999 |
_c8225 _d8225 |
||